Biblioteca

Diccionario de literatura española e hispanoamericana (Registro nro. 66293)

Detalles MARC
000 -LÍDER
Campo fijo de descripción fija 01404cam a2200409 i 4500
001 - NÚMERO DE CONTROL
Campo de control 7687140014
003 - IDENTIFICADOR DEL NÚMERO DE CONTROL
Campo de control CO-MdFUSB
005 - FECHA Y HORA DE LA ULTIMA TRANSACCIÓN
control field 20210624150102.0
007 - CAMPO FIJO DE DESCRIPCIÓN FIJA--INFORMACIÓN GENERAL
Campo fijo de descripción fija ta
008 - ELEMENTOS DE LONGITUD FIJA -- INFORMACIÓN GENERAL
Campo fijo de descripción fija -- Información general 931227t1993 sp bd 001 0 spa d
010 ## - NÚMERO DE CONTROL DE LA BIBLIOTECA DEL CONGRESO
Número de control LC 93247192
020 ## - NÚMERO INTERNACIONAL NORMALIZADO PARA LIBROS
Número Internacional Normalizado del libro 842065292X (set)
020 ## - NÚMERO INTERNACIONAL NORMALIZADO PARA LIBROS
Número Internacional Normalizado del libro 8420652474 (t. 1)
020 ## - NÚMERO INTERNACIONAL NORMALIZADO PARA LIBROS
Número Internacional Normalizado del libro 8420652482 (t. 2)
040 ## - FUENTE DE CATALOGACIÓN
Agencia de catalogación original MU
Agencia que realiza la transcripción CO-MdFUSB
Agencia que realiza la modificación CGP
-- CO-MdFUSB
-- PL#
-- I5B
-- UtOrBLW
Idioma de catalogación spa
Convenciones de la descripción rda
041 ## - CÓDIGO DE IDIOMA
Código de idioma para texto/pista de sonido o título separado spa
042 ## - AUTHENTICATION CODE
Authentication code lccopycat
043 ## - GEOGRAPHIC AREA CODE
Geographic area code e-sp---
-- cl-----
082 ## - NÚMERO DE CLASIFICACIÓN DECIMAL DEWEY
Número de la edición del Dewey 23
Número de clasificación 860.03
Clave de autor-Numero de item D545
245 00 - TÍTULO
Título del Material Diccionario de literatura española e hispanoamericana
Mención de responsabilidad, etc. / dirigido por Ricardo Gullón ; prólogo de Fernando Lázaro Carreter ; asesores, Pedro Cátedra [and others] ; secretario, Javier Blasco ; edición, Carmen Criado.
264 #1 - PRODUCCIÓN, PUBLICACIÓN, DISTRIBUCIÓN, MANUFACTURA, Y COPYRIGHT
Lugar de producción, publicación, distribución, manufactura Madrid :
Nombre del productor, publicador, distribuidor Alianza Editorial,
Fecha de producción, publicación, distribución, manufactura, o copyright [1993]
264 #4 - PRODUCCIÓN, PUBLICACIÓN, DISTRIBUCIÓN, MANUFACTURA, Y COPYRIGHT
Fecha de producción, publicación, distribución, manufactura, o copyright ©1993.
300 ## - DESCRIPCIÓN FÍSICA
Extensión 2,010 páginas ;
Dimensiones 24 cm.
336 ## - TIPO DE CONTENIDO
Término de tipo de contenido texto
Código de tipo de contenido txt
Fuente rdacontent.
337 ## - TIPO DE MEDIO
Nombre del tipo de medio sin mediación
Código del tipo de medio n
Fuente rdamedia.
338 ## - TIPO DE SOPORTE
Nombre del tipo de soporte volumen
Código Tipo de soporte nc
Fuente rdacarrier.
490 1# - MENCIÓN DE SERIE
Mención de serie Alianza diccionarios.
504 ## - NOTA DE BIBLIOGRAFÍA, ETC.
Nota de bibliografía, etc Incluye referencias bibliográficas e índice.
505 ## - NOTA DE CONTENIDO
Nota de contenido con formato preestablecido Parte 1: A-M<br/>Parte 2:N-Z
563 ## - NOTA DE ENCUADERNACIÓN
Nota de encuadernación Rústico
650 #7 - ASIENTO SECUNDARIO DE MATERIA - TERMINO TEMÁTICO
Término temático o nombre geográfico como elemento de entrada Literatura hispanoamericana
Fuente del encabezamiento o término embne
9 (RLIN) 2265
Subdivisión de forma Diccionarios.
700 1# - ASIENTO SECUNDARIO - NOMBRE PERSONAL
Nombre personal Gullón, Ricardo,
Fechas asociadas con el nombre 1908-1991.
Responsabilidad director
830 #0 - PUNTO DE ACCESO ADICIONAL DE SERIE - TÍTULO UNIFORME
Título uniforme Alianza diccionarios.
942 ## - TIPO DE MATERIAL (KOHA)
Tipo de Item KOHA Libros de Referencia
945 ## - INFORMACIÓN LOCAL DEL REGISTRO
Catalogador JTF-925
Existencias
Estado de Material Estado de Perdido Forma de Clasificación Estado de Dañado No para Préstamo Colección Biblioteca de Origen Biblioteca Permanente Fecha de Adquisición Área Total de Préstamos Signatura Topográfica Código de Barras Última vez visto Ejemplar/Existencia Fecha de Remplazo Tipo de Material
    Dewey Decimal Classification     Colección de Referencia Biblioteca FUSBC Biblioteca FUSBC 25/06/2020 LENGUAS - LINGUISTICA   G 860.9 D545d 21468 25/06/2020 Vol. 1, ej. 1 25/06/2020 Libros de Referencia
    Dewey Decimal Classification     Colección de Referencia Biblioteca FUSBC Biblioteca FUSBC 25/06/2020 LENGUAS - LINGUISTICA   G 860.9 D545d 21469 25/06/2020 Vol. 2, ej. 1 25/06/2020 Libros de Referencia

Biblioteca FUSBC | Teléfono: (57+4) 349 88 10 Ext. 141| WhatsApp (+57) 3005338115 
E-mail: biblioteca@unisbc.edu.co | Calle 76 87-14 Robledo Palenque, Medellín, Colombia

Con tecnología Koha